| 000 | 01031na a2200265 4500 | ||
|---|---|---|---|
| 001 | 19695 | ||
| 003 | MIRAKIL | ||
| 005 | 20181213155129.0 | ||
| 008 | 170111b tu 000 0 | ||
| 040 |
_aMilas _btur _cTR-AnCHP |
||
| 041 | _atur | ||
| 082 |
_a363.206056 2003 _bE55y 2004 |
||
| 090 | _a363.206056 2003 E55y 2004 | ||
| 110 |
_aEmniyet Genel Müdürlüğü _pKaçakçılık ve Organize Suçlarla Mücadele Daire Başkanlığı |
||
| 240 | _aYıllık raporlar | ||
| 245 |
_aT.C. İçişleri Bakanlığı, Emniyet Genel Müdürlüğü, Kaçakçılık ve Organize Suçlarla Mücadele Daire Başkanlığı 2002 raporu _cT.C. İçişleri Bakanlığı Emniyet Genel Müdürlüğü |
||
| 246 | _a2003 raporu | ||
| 260 |
_aAnkara _bEGM- KOMDB Yayınları _c2004 |
||
| 300 |
_a220 s. _btbl. , grf. ; res. _c28 sm. |
||
| 650 |
_aUyuşturucu trafiği _zTürkiye |
||
| 650 |
_aUyuşturucu madde kaçakçılığı _zTürkiye |
||
| 650 |
_aOrganize suçlar _yTürkiye |
||
| 650 |
_aKaçakçılık _zTürkiye |
||
| 942 |
_2ddc _cBKS |
||
| 999 |
_c7139 _d7139 |
||